<?xml version="1.0" encoding="UTF-8"?>
<record
    xmlns:xsi="http://www.w3.org/2001/XMLSchema-instance"
    xsi:schemaLocation="http://www.loc.gov/MARC21/slim http://www.loc.gov/standards/marcxml/schema/MARC21slim.xsd"
    xmlns="http://www.loc.gov/MARC21/slim">

  <leader>00974nam a2200265 i 4500</leader>
  <controlfield tag="001">184084</controlfield>
  <controlfield tag="003">ES-MaACL</controlfield>
  <controlfield tag="005">20251001203308.0</controlfield>
  <controlfield tag="008">150312s1969    sp           |||| | lat d</controlfield>
  <datafield tag="080" ind1=" " ind2=" ">
    <subfield code="a">254:262.5 Vat.II</subfield>
  </datafield>
  <datafield tag="080" ind1=" " ind2=" ">
    <subfield code="a">262.14:262.5 Vat.II</subfield>
  </datafield>
  <datafield tag="111" ind1="2" ind2=" ">
    <subfield code="a">Concilio Vaticano (</subfield>
    <subfield code="n">2&#xBA;. </subfield>
    <subfield code="d">1962-1965)</subfield>
    <subfield code="9">122</subfield>
  </datafield>
  <datafield tag="245" ind1="1" ind2="4">
    <subfield code="a">Los sacerdotes </subfield>
    <subfield code="b">: decretos "Presbyterorum Ordinis" y "Optatam Totius". / </subfield>
    <subfield code="c">pr&#xF3;logo de Mons. Marty ; comentarios de J. Frisque ... [et al.] ; bajo la direcci&#xF3;n de J. Frisque e Y. Congar.</subfield>
  </datafield>
  <datafield tag="260" ind1=" " ind2=" ">
    <subfield code="a">Madrid : </subfield>
    <subfield code="b">Taurus, </subfield>
    <subfield code="c">1969.</subfield>
  </datafield>
  <datafield tag="300" ind1=" " ind2=" ">
    <subfield code="a">473 p. ; </subfield>
    <subfield code="c">22 cm.</subfield>
  </datafield>
  <datafield tag="490" ind1="1" ind2=" ">
    <subfield code="a">Vaticano II ; </subfield>
    <subfield code="v">4</subfield>
  </datafield>
  <datafield tag="546" ind1=" " ind2=" ">
    <subfield code="a">Textos latinos y traducciones castellanas.</subfield>
  </datafield>
  <datafield tag="650" ind1="0" ind2="7">
    <subfield code="a">Sacerdotes.</subfield>
    <subfield code="9">16959</subfield>
  </datafield>
  <datafield tag="700" ind1="1" ind2=" ">
    <subfield code="a">Marty, Fran&#xE7;ois, </subfield>
    <subfield code="d">1904-1994</subfield>
    <subfield code="9">156549</subfield>
  </datafield>
  <datafield tag="700" ind1="1" ind2=" ">
    <subfield code="a">Frisque, Jean.</subfield>
    <subfield code="9">52687</subfield>
  </datafield>
  <datafield tag="700" ind1="1" ind2=" ">
    <subfield code="a">Congar, Yves, </subfield>
    <subfield code="d">1904-1995</subfield>
    <subfield code="9">40170</subfield>
  </datafield>
  <datafield tag="830" ind1="0" ind2=" ">
    <subfield code="a">Vaticano II ; </subfield>
    <subfield code="v">4</subfield>
    <subfield code="9">192023</subfield>
  </datafield>
  <datafield tag="852" ind1=" " ind2=" ">
    <subfield code="a">ES-MaACL</subfield>
    <subfield code="j">E-15477</subfield>
  </datafield>
  <datafield tag="999" ind1=" " ind2=" ">
    <subfield code="c">184084</subfield>
    <subfield code="d">184084</subfield>
  </datafield>
  <datafield tag="952" ind1=" " ind2=" ">
    <subfield code="0">0</subfield>
    <subfield code="1">0</subfield>
    <subfield code="4">0</subfield>
    <subfield code="7">0</subfield>
    <subfield code="a">ATENEOM</subfield>
    <subfield code="b">ATENEOM</subfield>
    <subfield code="c">DEPO2</subfield>
    <subfield code="d">2015-03-12</subfield>
    <subfield code="e">DON</subfield>
    <subfield code="l">0</subfield>
    <subfield code="o">E-15477</subfield>
    <subfield code="p">1193595</subfield>
    <subfield code="r">2023-02-23 00:00:00</subfield>
    <subfield code="w">2023-02-23</subfield>
    <subfield code="y">MONOGRAFIA</subfield>
  </datafield>
</record>
